Formule 1 - Vainqueurs du GP de Barcelone, Espagne - Statistiques

Statistiques générales
  • Ce quiz a été pris 93 fois
    57 depuis la dernière actualisation
  • Le résultat moyen est 32 sur 34
Statistiques - réponses
Années Pilotes % Correct
2006 Fernando Alonso
100%
2013 Fernando Alonso
100%
2014 Lewis Hamilton
100%
2017 Lewis Hamilton
100%
2018 Lewis Hamilton
100%
2019 Lewis Hamilton
100%
2020 Lewis Hamilton
100%
2021 Lewis Hamilton
100%
2016 Max Verstappen
100%
2023 Max Verstappen
100%
2024 Max Verstappen
100%
1995 Michael Schumacher
100%
1996 Michael Schumacher
100%
2001 Michael Schumacher
100%
2002 Michael Schumacher
100%
2003 Michael Schumacher
100%
2004 Michael Schumacher
100%
2025 Oscar Piastri
100%
2015 Nico Rosberg
96%
2009 Jenson Button
93%
1993 Alain Prost
91%
2011 Sebastian Vettel
91%
1998 Mika Häkkinen
89%
1999 Mika Häkkinen
89%
2000 Mika Häkkinen
89%
1994 Damon Hill
87%
2007 Felipe Massa
87%
2005 Kimi Räikkönen
85%
2008 Kimi Räikkönen
85%
2010 Mark Webber
85%
1997 Jacques Villeneuve
83%
1991 Nigel Mansell
78%
1992 Nigel Mansell
78%
2012 Pastor Maldonado
63%
Aucun quiz correspondant
Distribution des résultats
% des personnes avec chaque résultat
Percentile par nombre de réponses
Votre historique - résultats
Vous n’avez pas pris ce quiz depuis la dernière actualisation